000 00723nam a2200253Ia 4500
001 dia_208
003 CHAP
005 20221207132239.0
008 220117s1996 xx 000 0 und d
010 _a170636
020 _a970-07-0853-5
040 _cCHAP
082 _aC 332.7 M4 1996
110 _aMéxico, Leyes, Decretos, etc;
_977071
245 _aLey General de Titulos y Operaciones de Credito /
_c por México, Leyes, Decretos, etc;
250 _a44 p.
260 _aMéxico D.F. :
_b Porrua,
_c1996
503 _aC/e
650 _a1.Credito
_xLeyes
_9147567
901 _aC 332.7 M4 1996
902 _aM
905 _a0000001996 mx X 0000000000spa00
942 _cLIBRO
_2ddc
999 _c170636
_d170636